000 00539nam a2200181Ia 4500
999 _c37417
_d37417
003 OSt
005 20200929135445.0
008 190216s9999||||xx |||||||||||||| ||und||
040 _coclc
082 _a590
_bKOT/M
100 _aKotpal, R L
_95002
245 0 _aModern Textbook Of Zoology :
_bInvertebrates /
_cR L Kotpal ; S K Agarwal ; R P Khetapral
250 _a6th Ed.
260 _bRasthogi Publications,
_c1973.
_aMeerut:
300 _a646p
650 _aZoology
942 _cBK
_2ddc
_h590
_iKOT/M
_k590
_mKOT/M